Πρακτικά διημερίδας "Εναλλακτικοί τρόποι επίλυσης του υδάτινου προβλήματος του λεκανοπεδίου Ιωαννίνων"

Αποθηκεύτηκε σε:
Λεπτομέρειες βιβλιογραφικής εγγραφής
Μορφή: Βιβλίο
Γλώσσα:Greek
Δημοσίευση: Ιωάννινα : 1990
Θέματα:
Ετικέτες: Προσθήκη ετικέτας
Δεν υπάρχουν, Καταχωρήστε ετικέτα πρώτοι!

MARC

LEADER 00000cam a2200000 i 4500
001 1/99581
008 950403s1990 gre d
035 |l 10011363 
040 |a GR-MY-UA  |b gre  |e aacr 
041 0 |a gre 
082 0 |a 333.911609495 
245 1 0 |a Πρακτικά διημερίδας "Εναλλακτικοί τρόποι επίλυσης του υδάτινου προβλήματος του λεκανοπεδίου Ιωαννίνων" 
260 |a Ιωάννινα :   |c 1990 
300 |a 229 σ. 
650 0 0 |a Water resources development  |z Greece  |z Ioannina (Nome) 
650 0 0 |a Water conservation  |z Greece  |z Ioannina (Nome) 
852 |a INST  |b LESVOS  |e 19950403  |h 333.911609495 ΠΡΑ  |p 005100001880  |q 005100001880  |t BK  |y 0 
909 |a Λ  |b 019191 
970 |z 2000/05/ΟΙΚΟΝΟΜΟΠΟΥΛΟΥ ΧΡΙΣΤΙΝΑ